Länder mit den meisten Internetnutzern - Statistiken

Allgemein
  • Dieses Quiz wurde 104 mal gespielt
  • Das Durchschnittsergebnis liegt bei 22 aus 25
Antwortstatistiken
Platz Land Anzahl an Nutzern Anzahl in % % Korrekt
1. China 988,99 Mio. 69,3%
100%
13. Deutschland 77,79 Mio. 93,6%
100%
7. Russland 124 Mio. 85,1%
100%
5. Brasilien 160,01 Mio. 76,4%
99%
2. Indien 780,09 Mio. 57,7%
99%
3. Vereinigte Staaten 312,32 Mio. 95,5%
99%
18. Frankreich 58,04 Mio. 89,3%
98%
22. Spanien 42,4 Mio. 90,8%
96%
20. Italien 50,54 Mio. 83,4%
95%
9. Japan 116,35 Mio. 91,5%
94%
11. Mexiko 89 Mio. 69%
94%
25. Kanada 33,95 Mio. 91,6%
93%
16. Vereinigtes Königreich 65 Mio. 96,8%
92%
4. Indonesien 212,35 Mio. 79,3%
91%
17. Türkei 62,08 Mio. 75,4%
91%
19. Ägypten 54,74 Mio. 55,6%
88%
24. Polen 34,7 Mio. 91,5%
86%
21. Südkorea 49,42 Mio. 96,6%
86%
10. Pakistan 102,69 Mio. 48%
82%
15. Vietnam 68,17 Mio. 71,4%
80%
23. Thailand 36,51 Mio. 52,6%
79%
12. Iran 78,09 Mio. 95,5%
78%
6. Nigeria 136,2 Mio. 69,5%
76%
8. Bangladesch 117,24 Mio. 70,5%
74%
14. Philippinen 73 Mio. 68,5%
68%
Keine übereinstimmenden Quizze gefunden
Verteilung der Resultate
Anzahl Personen mit jedem Resultat
Perzentil nach korrekt beantworteten Fragen
Ihre Resultats-Entwicklung
Sie haben dieses Quiz noch nicht gespielt